Govt. of
Madhya Pradesh

Normal view MARC view

Entry Personal Name

Number of records used in: 1

001 - CONTROL NUMBER

  • control field: 54931

003 - CONTROL NUMBER IDENTIFIER

  • control field: OSt

005 - DATE AND TIME OF LATEST TRANSACTION

  • control field: 20160503130045.0

008 - FIXED-LENGTH DATA ELEMENTS

  • fixed length control field: 160503|| aca||aabn | a|a d

040 ## - CATALOGING SOURCE

  • Original cataloging agency: OSt
  • Transcribing agency: OSt

100 ## - HEADING--PERSONAL NAME

  • Personal name: रे, शिवनारायण

670 ## - SOURCE DATA FOUND

  • Source citation: Work cat.: (OSt)9184: रे, शिवनारायण , रवीन्‍द्रनाथ, शेक्‍सपियर और रक्षत्र संकेत , 1999